| 000 | 00728nam a22001937a 4500 | ||
|---|---|---|---|
| 999 |
_c169752 _d169752 |
||
| 005 | 20191202143759.0 | ||
| 010 | _aUR-10646 | ||
| 020 |
_c250.00 _a9789389002607 |
||
| 035 | _aU-9201 | ||
| 037 |
_bDBAD/PUB _a- |
||
| 082 | _a844..8 | ||
| 100 | _aمر تبہ:محمد عبد العز يز سہيل | ||
| 245 |
_aمضا مين ڈ ا کٹر شيلا ر ا ج _cمر تبہ:محمد عبد العز يز سہيل |
||
| 246 |
_bMazameen -e-Dr. Sheela Raj (Urdu) _aby Dr. M.A.Azeez Sohail |
||
| 260 |
_aDelhi _bEducational Publishing House _c2019 ء |
||
| 270 |
_a3191,Vakil Street, Kucha Pandit,Lal Kuan, _bDelhi _e110006 _k01123216162 _l- |
||
| 300 |
_a200ص _c22 Cm(Hb) |
||
| 942 |
_2ddc _cUR _h844.8 _mم ح م |
||